| 000 | 00575nam a22001457a 4500 | ||
|---|---|---|---|
| 999 |
_c109444 _d109444 |
||
| 005 | 20181207094706.0 | ||
| 008 | 181207b ||||| |||| 00| 0 eng d | ||
| 040 | _cPK-LaUMT | ||
| 082 |
_a297.4 _bMIA-K |
||
| 100 | _aMian G = میاں جی | ||
| 245 |
_aKiya Rabbilalameen? kiya Rahmatallilalameen? woh milta he (such ki pehchan se) = کیا ربالعالمین ہے؟ کیا رحمت للعالمین ہے؟ وہ ملتا ہے (سچ کی پہچان سے)/ _cMian G = میاں جی |
||
| 260 |
_aLahore : _bNigharshat Publishers, _c2016 |
||
| 300 | _a256 p. | ||
| 942 | _cBK | ||